Cotton wilt and root-knot / (Record no. 205759)
[ view plain ]
| 000 -CABECERA | |
|---|---|
| campo de control de longitud fija | 00847nam a2200301Ia 4500 |
| 001 - NÚMERO DE CONTROL | |
| campo de control | Para_7013 |
| 003 - IDENTIFICADOR DEL NÚMERO DE CONTROL | |
| campo de control | CHAP |
| 008 - DATOS DE LONGITUD FIJA--INFORMACIÓN GENERAL | |
| campo de control de longitud fija | 220125s1915 xx 000 0 und d |
| 010 ## - NÚMERO DE CONTROL DE LA BIBLIOTECA DEL CONGRESO | |
| Número de control de LC | 205759 |
| 040 ## - FUENTE DE LA CATALOGACIÓN | |
| Centro/agencia transcriptor | CHAP |
| 082 ## - NÚMERO DE LA CLASIFICACIÓN DECIMAL DEWEY | |
| Número de clasificación | PA-C 633.51 B85 |
| 100 ## - ENTRADA PRINCIPAL--NOMBRE DE PERSONA | |
| Nombre de persona | Gilbert, W.W. |
| 9 (RLIN) | 47977 |
| 245 ## - MENCIÓN DE TÍTULO | |
| Título | Cotton wilt and root-knot / |
| Mención de responsabilidad, etc. | by W.W. Gilbert |
| 260 ## - PUBLICACIÓN, DISTRIBUCIÓN, ETC. | |
| Lugar de publicación, distribución, etc. | s.l. : |
| Nombre del editor, distribuidor, etc. | s.n. |
| 300 ## - DESCRIPCIÓN FÍSICA | |
| Extensión | 21 p. |
| 440 ## - MENCIÓN DE SERIE/PUNTO DE ACCESO ADICIONAL--TÍTULO | |
| Título | Farmer´s bulletin;625 |
| 9 (RLIN) | 171867 |
| 500 ## - NOTA GENERAL | |
| Nota general | Encuadernado con otros impresos similares |
| 650 ## - PUNTO DE ACCESO ADICIONAL DE MATERIA--TÉRMINO DE MATERIA | |
| Término de materia o nombre geográfico como elemento de entrada | Algodón |
| Subdivisión general | colecciones de escritos |
| 9 (RLIN) | 171865 |
| 650 ## - PUNTO DE ACCESO ADICIONAL DE MATERIA--TÉRMINO DE MATERIA | |
| Término de materia o nombre geográfico como elemento de entrada | Algodón |
| Subdivisión general | enfermedades |
| 9 (RLIN) | 4006 |
| 650 ## - PUNTO DE ACCESO ADICIONAL DE MATERIA--TÉRMINO DE MATERIA | |
| Término de materia o nombre geográfico como elemento de entrada | Marchitez del algodón |
| 9 (RLIN) | 71281 |
| 901 ## - ELEMENTOS DE DATOS A LOCAL LDA (RLIN) | |
| a | PA-C 633.51 B85 |
| 902 ## - ELEMENTOS DE DATOS B LOCAL, LDB (RLIN) | |
| a | A |
| 905 ## - ELEMENTOS DE DATOS E LOCAL, LDE (RLIN) | |
| a | 0000001915 a 0000000000 00 |
| 910 ## - DATOS DE OPCIÓN DEL USUARIO (OCLC) | |
| Datos de opción del usuario | 1915 |
| 942 ## - ELEMENTOS DE PUNTO DE ACCESO ADICIONAL (KOHA) | |
| Tipo de ítem Koha | Parasitologia_ |
| 942 ## - ELEMENTOS DE PUNTO DE ACCESO ADICIONAL (KOHA) | |
| Tipo de ítem Koha | Parasitologia_ |
| -- | 1 |
| Estado de retiro | Estado de pérdida | Fuente del sistema de clasificación o colocación | Estado dañado | Restricciones de uso | No para préstamo | Código de colección | Localización permanente | Ubicación/localización actual | Ubicación en estantería | Fecha de adquisición | Información codificada de la localización en otra ubicación | Total de préstamos | Código de barras | Fecha visto por última vez | Precio válido a partir de | Tipo de ítem Koha | Nota pública |
|---|---|---|---|---|---|---|---|---|---|---|---|---|---|---|---|---|---|
| Dewey Decimal Classification | Préstamo interno | Consulta | Parasitologia Agricola | Parasitologia Agricola | 27/10/2005 | PARA | PA_3947-3 | 25/01/2022 | 25/01/2022 | Libro | 3 |
